000
00256nam a22001217a 4500
008
170614b xxu||||| |||| 00| 0 eng d
041
_a
eng
080
_a
94
100
_a
17
101
_a
SHH
245
_a
TWO WAYS OF LIFE
_c
EBENSTEIN,W
942
_2
udc
_c
BK
999
_c
17431
_d
17431